| 000 | 01075nam a22002777a 4500 | ||
|---|---|---|---|
| 999 |
_c12766 _d12766 |
||
| 003 | EG-ScBUE | ||
| 005 | 20210214132713.0 | ||
| 008 | 090820s2004 ua f 000 d ara d | ||
| 017 | _a2004/17864 | ||
| 040 |
_aEG-ScBUE _bara _erda _cEG-ScBUE _dEG-ScBUE |
||
| 082 | 0 | 4 |
_a892.726 _bن ق ا _222 |
| 100 | 1 |
_98759 _aالنقاش، فكري، _d1945- _eمؤلف. |
|
| 245 | 1 | 0 |
_aابن أبيه : _bمشاهد من زمن التحولات والغضب / _cتأليف فكري النقاش ؛ تقديم د. محمد حسن عبد الله. |
| 250 | _aالطبعة الأولى. | ||
| 264 | 1 |
_aالقاهرة : _bالهيئة العامة لقصور الثقافة، _c2004. |
|
| 300 |
_a167 صفحة ؛ _c12 سم. |
||
| 336 |
_2rdacontent _aنص _btxt |
||
| 337 |
_2rdamedia _aبدون وسيط _bn |
||
| 338 |
_2rdacarrier _aمجلد _bnc |
||
| 490 | 0 |
_aنصوص مسرحية ؛ _v51 |
|
| 650 | 7 |
_98024 _aالمسرحيات العربية _zمصر _yقرن 20. _2BUEsh |
|
| 651 | _2BUEsh | ||
| 653 |
_bARALIT _cFebruary2021 |
||
| 655 |
_vReading book _934232 |
||
| 942 |
_2ddc _cBB |
||